Stratégia implementácie Rámcovej smernice o vode v Slovenskej republike
Európsky parlamenta a Rada prijali smernicu č. 2000/60/ES, ktorá ustanovuje rámec pre politiku spoločenstva v oblasti vôd - Rámcová smernica o vode /RSV/. Ciele a požiadavky RSV. Stratégia pre implementáciu RSV v SR.
Salvato in:
| Autore principale: | |
|---|---|
| Natura: | Capitolo di libro |
| Lingua: | slovacco |
| Soggetti: | |
| Tags: |
Nessun Tag, puoi essere il primo ad aggiungerne!!
|
MARC
| LEADER | 00000naa$a2200000$$$4500 | ||
|---|---|---|---|
| 001 | 0006388 | ||
| 005 | 20231016102111.4 | ||
| 041 | 0 | |a slo | |
| 044 | |a SK | ||
| 245 | 1 | 0 | |a Stratégia implementácie Rámcovej smernice o vode v Slovenskej republike |c aut. Eleonóra Bartková |
| 520 | |a Európsky parlamenta a Rada prijali smernicu č. 2000/60/ES, ktorá ustanovuje rámec pre politiku spoločenstva v oblasti vôd - Rámcová smernica o vode /RSV/. Ciele a požiadavky RSV. Stratégia pre implementáciu RSV v SR. | ||
| 610 | 2 | 0 | |a voda |
| 610 | 2 | 0 | |a využitie zdrojov prírodných |
| 610 | 2 | 0 | |a smernice |
| 610 | 2 | 0 | |a Európske spoločenstvá |
| 610 | 2 | 0 | |a Slovensko |
| 100 | 1 | |a Bartková, Eleonóra | |